000 00434nam a2200169Ia 4500
008 210707s1980 xx 000 0 und d
041 _aeng
082 _a631.4 DAJT
100 _aDAJI (J A)
245 _aTextbook of soil science
260 _aBombay.
_bMedia Promoters & Publishers Pvt Ltd.,
_c1980
300 _axiv,380 p
365 _b40
_cINR
563 _aPB
650 _aSoil Science
906 _aof science soil Textbook
999 _c180251
_d180251